000 00687cam a2200229 a 4500
001 000006150
005 20200929151943.0
008 940304s1990 cu b 000 0 spa
040 _aDO-SdBNP
_cDLC
082 _aCu861.42
_bO63r
100 1 _aOraa, Francisco de,
_d1929-
_917280
245 1 3 _aLa rosa en la ceniza /
_cFrancisco de Oraa.
260 _aLa Habana :
_bUnión,
_c1990.
300 _a488 p. ;
_c18 cm.
490 1 _aBolsilibros Unión.
500 _a"1947-1986."
504 _aIncluye referencias bibliográficas.
650 4 _aPoesía cubana
_95226
650 4 _aLiteratura cubana
_91483
830 0 _aBolsilibros Unión.
_917281
910 _aCatalogación por copia / LC
999 _c5946
_d5946